| 000 | 00617nam a22001457a 4500 | ||
|---|---|---|---|
| 020 | _a978-81-291-4648-9 | ||
| 082 |
_a823 _bBON/W |
||
| 100 | _aBOND, RUSKIN | ||
| 245 | _aTHE WISE PARROT | ||
| 260 |
_aDELHI _bRUPA PUBLICATIONS _c2017 |
||
| 300 | _a143 | ||
| 520 | _aThe parrots were taken to the King as a gift who loved them. The parrots were very well looked after in the Palace, and the King's son would even come and play with them. Everything was going well, and the parrots loved their new life. One day the hunter returned, this time with a black monkey. | ||
| 650 |
_aCHILDRENS STORY BOOK _zINDIA |
||
| 942 | _cBK | ||
| 999 |
_c2808 _d2808 |
||